| Tag |
First Indicator |
Second Indicator |
Subfields |
| LEADER |
00000cam a2200000 4500 |
| 001 |
in00000207607 |
| 005 |
20151009055939.0 |
| 008 |
710513s1971 nyuac j 00110 eng |
| 010 |
|
|
|a 73105468
|
| 020 |
|
|
|a 0060261226
|c $4.95
|
| 035 |
|
|
|a (OCoLC)00138210
|
| 035 |
|
|
|9 AAX2269AM
|
| 040 |
|
|
|a DLC
|c DLC
|d TXA
|d UtOrBLW
|
| 043 |
|
|
|a n-usu--
|
| 049 |
|
|
|a TXAM
|c [1157988]
|
| 050 |
0 |
0 |
|a E668
|b .T69 1971
|
| 082 |
0 |
|
|a 973.8
|
| 100 |
1 |
|
|a Trelease, Allen W.
|
| 245 |
1 |
0 |
|a Reconstruction: the great experiment /
|c by Allen W. Trelease.
|
| 264 |
|
1 |
|a New York :
|b Harper & Row,
|c [1971]
|
| 264 |
|
4 |
|c [©1971]
|
| 300 |
|
|
|a 224 pages :
|b illustrations, portraits ;
|c 25 cm.
|
| 336 |
|
|
|a text
|b txt
|2 rdacontent
|
| 337 |
|
|
|a unmediated
|b n
|2 rdamedia
|
| 338 |
|
|
|a volume
|b nc
|2 rdacarrier
|
| 520 |
|
|
|a Describes the prominent people and political and social events of the Reconstruction period.
|
| 650 |
|
0 |
|a Reconstruction (U.S. history, 1865-1877)
|v Juvenile literature.
|
| 650 |
|
1 |
|a Reconstruction (U.S. history, 1865-1877)
|
| 999 |
|
|
|a MARS
|
| 999 |
f |
f |
|s b78a5b39-be52-3ce4-99e2-c44609e3effb
|i 24d01af7-5b0b-3961-8bf7-489b1e90af81
|t 0
|
| 952 |
f |
f |
|p normal
|a Texas A&M University
|b College Station
|c Sterling C. Evans Library
|d Evans: Library Stacks
|t 0
|e E668 .T69 1971
|h Library of Congress classification
|i unmediated -- volume
|m A14802239725
|
| 998 |
f |
f |
|a E668 .T69 1971
|t 0
|l Evans: Library Stacks
|